00848cam a22002775i 450000100090000000300050000900500170001400800410003101000170007202000310008902000180012003800130013804000230015104200080017408200150018210000270019724501640022425000180038826300090040626400470041530000130046233600260047533700280050133800270052956300140055619092011NUST20220113174341.0160512s2016 cau 000 0 eng  a 2016941562 a9780134306414 (alk. paper) a9780134580852 aMuzammil aDLCbengerdacDLC apcc a604.2bTEC1 aGiesecke, Frederick E.10aTechnical drawing with engineering graphics /cFrederick E. Giesecke, Alva Mitchell, Henry Cecil Spencer ; [edited by] Greg Weigand, Laura Lewin, Lisa McClain. a15th edition. a1606 1aSan Francisco, CA :bPrentice Hall,c2016. apages cm atextbtxt2rdacontent aunmediatedbn2rdamedia avolumebnc2rdacarrier ahardcover